000 03540njm a2200553Ia 4500
001 27547
003 IT-RoPAU
005 20220918181203.0
008 131025s9999 xx 000 0 und d
040 _aIT-RoPAU
040 _cIT-RoPAU
041 _aITALIANO
999 _c103167
_d103167
999 _bn.d.
100 _aAA.VV.
_9794
100 _eAutore musica
_918509
100 _gCodice autore musica SPICS: 12000
_9796
245 _aDecimo Zecchino d'Oro
250 _a1a ed.
260 _aMILANO
260 _bRI - FI RECORD COMPANY
_c1968 [1a Ed.:1968 - Ed. Lingua Orig.: 1968]
300 _aDISCO
500 _aCanzone italiana per bambini presentate al decimo Zecchino d'Oro e interpretate dal Piccolo Coro dell'Antoniano
505 _aIl torero Camomillo - Tre guerrieri indiani - Il valzer del moscerino - Il semaforo - Abracadabra - La banda dello zoo - Se fossi Leonardo - Sitting Bull - Il topo Zorro - Coriolano, l'allegro caimano - Quarantaquattro gatti
511 _aDirettore d'orchestra: Bussoli G.
650 _aCANTI BAMBINI [DISCHI]
_eCodice MATERIA SPICS: 9950
_92086
700 _aPiccolo Coro dell'Antoniano
_gCodice interprete SPICS: 14061
_eInterprete
_918510
700 _aPagano Mario
_gCodice autore musica SPICS: 8177
_eAutore musica
_pIl torero Camomillo - La banda dello zoo
_918513
700 _aMaresca F.
_gCodice autore testo/musica SPICS: 28355
_eAutore testo/musica
_pIl torero Camomillo
_918514
700 _aComolli Niny
_gCodice autore musica SPICS: 28356
_eAutore musica
_pTre guerrieri indiani
_918515
700 _aMarcora
_gCodice autore testo/musica SPICS: 28357
_eAutore testo/musica
_pTre guerrieri indiani
_918516
700 _aDella Giustina A.
_gCodice autore musica SPICS: 28358
_eAutore musica
_pIl valzer del moscerino
_918517
700 _aZanin L.
_gCodice autore testo/musica SPICS: 18922
_eAutore testo/musica
_pIl valzer del moscerino
_918518
700 _aMartelli G.Bruno
_gCodice autore musica SPICS: 14244
_eAutore musica
_pIl semaforo
_918519
700 _aStelletti Sauro
_gCodice autore SPICS: 26088
_eAutore
_pIl semaforo
_918520
700 _aPinchi (Pinci) (Perotti Pino)
_gCodice autore testo/musica SPICS: 13615
_eAutore musica
_pIl semaforo - Se fossi Leonardo
_918521
700 _aGiovando E.
_gCodice autore musica SPICS: 28359
_eAutore musica
_pAbracadabra
_918522
700 _aAloisini A.
_gCodice autore testo/musica SPICS: 28360
_eAutore testo/musica
_pAbracadabra
_918523
700 _aSterpellone Luciano
_gCodice autore testo/musica SPICS: 27429
_eAutore musica
_pLa banda dello zoo
_918524
700 _aMartini Renato
_gCodice autore musica SPICS: 28361
_eAutore musica
_pSe fossi Leonardo
_918525
700 _aCipriani Stelvio
_gCodice autore musica SPICS: 10828
_eAutore musica
_pSitting Bull
_918526
700 _aCassia
_gCodice autore testo/musica SPICS: 16005
_eAutore testo/musica
_pSitting Bull
_918527
700 _aAmadesi
_gCodice autore musica SPICS: 16084
_eAutore musica
_pIl topo Zorro
_918528
700 _aVenturi M.
_gCodice autore SPICS: 28362
_eAutore
_pIl topo Zorro
_918529
700 _aChiosso Leo
_gCodice autore testo/musica SPICS: 13606
_eAutore testo/musica
_pIl topo Zorro
_918530
700 _aBuffoli V.
_gCodice autore musica SPICS: 15904
_eAutore musica
_pCoriolano, l'allegro caimano
_918531
700 _aSessa Vitali Vittorio
_gCodice autore testo/musica SPICS: 26086
_eAutore testo/musica
_pCoriolano, l'allegro caimano
_918532
700 _aCasarini G.
_gCodice autore testo/musica SPICS: 26122
_eAutore testo/musica
_pQuarantaquattro gatti
_918533
942 _cMD
_2ddc